00378nam a2200109Ia 4500008004100000082000800041100002800049245007300077942000600150952009700156999001500253240331s9999 xx 000 0 und d bDIR aPeriyannanpillai, V. ed 0aDirectory of NGO'S :b working for human rights, peace and democracy cL 001040708LaWERCLbWERCLcSSCd2024-03-31l0o 323.4 DIRp5677r2024-03-31w2024-03-31yL c3228d3228